000 00334nam a2200133Ia 4500
008 240624s9999 xx 000 0 und d
041 _aeng
082 _a823 THA
100 _aTHAROOR SHASHI
245 _aNEHRU THE INVENTION OF INDIA
260 _c2012
_aNew Delhi
_bPenguin
300 _axi, : 226 : p. : cm. ; 20
365 _cRS
_b25
999 _c20059
_d20059